Manual prt̀ico do peticionamento eletrn̥ico (e-SAJ, PJe-JT, e-STJ, e-STF)

Detalles Bibliográficos
Autor principal: Piccini, Fb̀io
Formato: Libro
Lenguaje:portugués
Publicado: Brasil Editora Mundo Jurd̕ico 2015
Materias:
Acceso en línea:Acceso restringido

MARC

LEADER 00000nam a22000007a 4500
005 20160223120928.0
007 cr|||| ||
008 160223s2015 bl ||||| |||| 00||0 por d
020 |a 978-85-8085-066-6 
035 |a 13057 
040 |a vLex 
090 |c 5891  |d 5891 
100 1 |a Piccini, Fb̀io 
245 1 0 |a Manual prt̀ico do peticionamento eletrn̥ico (e-SAJ, PJe-JT, e-STJ, e-STF)  |h [Recurso electrn̤ico] /   |c Fb̀io Piccini  
256 |a Servicio en ln̕ea  
260 |a Brasil   |b Editora Mundo Jurd̕ico  |c 2015 
300 |a 1 recurso electrn̤ico (Segunda Edicin̤. 482 Pg̀inas)  
506 1 |a Contenido solo disponible en los productos indicados  |d vLex Global  |d vLex Global (Academic Edition, excluding Law Schools)  |d vLex Global (U.S. Academic Edition, Law Schools)  |d vLex Global (U.S. Academic Edition, excluding Law Schools)  |d vLex Global (Academic Edition, Law Schools) 
650 0 4 |a Derecho  |z Brasil  
740 0 |a vLex libros (servicio en ln̕ea)  
856 4 0 |u http://vlex.com/source/manual-pratico-peticionamento-eletr-nico-e-saj-pje-jt-e-stj-e-stf-13057  |z Acceso restringido  
942 |c BOOK 
999 |a Law